| 000 | 00631nam a2200205 i 4500 | ||
|---|---|---|---|
| 001 | 94805 | ||
| 003 | ES-MaACL | ||
| 005 | 20230906181548.0 | ||
| 007 | t| | ||
| 008 | 050516s1948 sp ||||1| spa d | ||
| 100 | 1 |
_aLozano, A _c(aparejador) _9174495 |
|
| 245 | 1 | 0 |
_aCimentación de las construcciones / _cA. Lozano. |
| 260 |
_aBarcelona : _bJuan Bruguer, _c[1948?] |
||
| 300 |
_a244 p. : _bil. ; _c23 cm. |
||
| 490 | 1 |
_aBiblioteca práctica de construcción ; _v2 |
|
| 650 | 4 |
_aCimentaciones. _9156256 |
|
| 830 | 1 |
_aBiblioteca práctica de construcción ; _v2 _9180967 |
|
| 852 | 4 |
_aES-MaACL _jC-5523 |
|
| 999 |
_c94805 _d94805 |
||